| 000 | 00889cam a22002297a 4500 | ||
|---|---|---|---|
| 999 |
_c128570 _d128570 |
||
| 001 | 170367 | ||
| 003 | ARRUPE | ||
| 005 | 20181116124023.0 | ||
| 008 | 980805s1998 sz a b 100 0 eng | ||
| 010 | _a 98179865 | ||
| 020 | _a282541235X | ||
| 040 |
_aDLC _cDLC |
||
| 050 | 0 | 0 |
_aBR115.C8 _bC157 |
| 245 | 0 | 0 |
_aCalled to one hope : _bthe Gospel in diverse cultures / _cedited by Christopher Duraisingh. |
| 260 |
_aGeneva : _bWCC Publications, _cc1998. |
||
| 300 |
_axiv, 234 p. : _bill. ; _c21 cm. |
||
| 500 | _aBased on the 11th ecumenical conference on world mission and evangelism, Salvador, Bahia, Brazil, Nov. 24 to Dec. 3, 1996. | ||
| 504 | _aIncludes bibliographical references. | ||
| 650 |
_aChristianity and culture _943457 |
||
| 700 | 1 |
_aDuraisingh, Christopher. _943458 _etr. |
|
| 906 |
_a7 _bcbc _corignew _d3 _encip _f19 _gy-gencatlg |
||
| 942 |
_2lcc _cMONOGRAPH |
||